00821 a2200193 45000010006000000050017000060080041000230030015000640400040000790800104001192450051002230200018002742640051002923000019003435050199003621000026005616500019005876500021006062841720260407155556.0260407a1996 arg spa dAR-UNSa-BCEJYS aAR-UNSa-BCEJYSbspacAR-UNSa-BCEJYS a347.736xQuiebra. Insolvencia. Suspensión de pagos. Bancarrota, procedimientos. Derecho Concursal10aConclusión de la quiebrapsegún Ley 24.522 a950-569-072-X 1aBuenos Aires :bAbaco de Rodolfo Depalmac1996 a230 p.c23 cm. a1. Fundamentos e inquisiciones - 2. El "Iter" conclusional - 3. Modos conclusionales - 4. Efectos de la conclusión de la quiebra - 5. Conclusión de la quiebra y delito de quiebra fraudulenta1 aConil Paz, Alberto A. aLEY Nº 24.522 a ley nº 24 522